[Event "Wuerttemberg-ch U18 Girls"]
[Site "Lindau"]
[Date "2002.04.04"]
[Round "4"]
[White "Lunz, Pia"]
[Black "Rosenau, Mandy"]
[Result "1-0"]
[WhiteElo "1553"]
[BlackElo "1101"]
[PlyCount "49"]
[EventDate "2002.04.??"]
[EventType "swiss"]
[EventRounds "7"]
[EventCountry "GER"]
[SourceTitle "EXT 2003"]
[Source "ChessBase"]
[SourceDate "2002.11.25"]
[SourceVersion "1"]
[SourceVersionDate "2002.11.25"]
[SourceQuality "1"]

1. d4 d5 2. c4 dxc4 3. e3 Nf6 4. Bxc4 Bf5 5. Nf3 e6 6. 0-0 Be7 7. Nc3 Nc6 8. a3 a6 9. d5 exd5 10. Nxd5 0-0 11. Nxe7+ Qxe7 12. b4 b5 13. Be2 Ne5 14. Bb2 Nxf3+ 15. Bxf3 Be4 16. Bxf6 Bxf3 17. Bxe7 Bxd1 18. Bxf8 Rxf8 19. Rfxd1 h6 20. Kf1 Rc8 21. Rac1 g5 22. Rd7 c6 23. Rd6 Kg7 24. Rcxc6 Rxc6 25. Rxc6 1-0

[Event "Wuerttemberg-ch U18 Girls"]
[Site "Lindau"]
[Date "2002.04.03"]
[Round "3"]
[White "Guenther, Nicole"]
[Black "Rosenau, Mandy"]
[Result "0-1"]
[WhiteElo "949"]
[BlackElo "1101"]
[PlyCount "86"]
[EventDate "2002.04.??"]
[EventType "swiss"]
[EventRounds "7"]
[EventCountry "GER"]
[SourceTitle "EXT 2003"]
[Source "ChessBase"]
[SourceDate "2002.11.25"]
[SourceVersion "1"]
[SourceVersionDate "2002.11.25"]
[SourceQuality "1"]

1. e4 e5 2. Nc3 Nf6 3. Bc4 c6 4. Nf3 Bd6 5. d3 h6 6. 0-0 0-0 7. h3 Re8 8. Be3 a5 9. Na4 b5 10. Nb6 Ra6 11. Bb3 a4 12. Nxc8 Qxc8 13. Bxf7+ Kxf7 14. b3 axb3 15. axb3 Bb4 16. Bd2 Bc5 17. Bc3 d6 18. b4 Bb6 19. Re1 Nbd7 20. d4 exd4 21. Nxd4 Rxa1 22. Bxa1 Nxe4 23. Qf3+ Ndf6 24. Re2 Kg8 25. Qf4 Qd7 26. Kf1 c5 27. bxc5 dxc5 28. Nf3 Qd1+ 29. Re1 Qxc2 30. Kg1 Qxf2+ 31. Kh1 Qg3 32. Qc1 c4 33. Be5 Nf2+ 34. Kg1 Nd3+ 35. Nd4 Bxd4+ 36. Bxd4 Rxe1+ 37. Qxe1 Qxe1+ 38. Kh2 c3 39. Bxc3 Qxc3 40. Kg3 Ne1+ 41. Kh2 Ne4 42. Kh1 Qg3 43. h4 Qxg2# 0-1

[Event "Wuerttemberg-ch U18 Girls"]
[Site "Lindau"]
[Date "2002.04.02"]
[Round "1"]
[White "Mack, Angelika"]
[Black "Rosenau, Mandy"]
[Result "1/2-1/2"]
[WhiteElo "1232"]
[BlackElo "1101"]
[PlyCount "60"]
[EventDate "2002.04.??"]
[EventType "swiss"]
[EventRounds "7"]
[EventCountry "GER"]
[SourceTitle "EXT 2003"]
[Source "ChessBase"]
[SourceDate "2002.11.25"]
[SourceVersion "1"]
[SourceVersionDate "2002.11.25"]
[SourceQuality "1"]

1. c4 e5 2. Nc3 Nf6 3. g3 d5 4. cxd5 Nxd5 5. Bg2 Be6 6. Nf3 Nc6 7. d3 f5 8. e3 Qd7 9. Ng5 Nf6 10. Qd2 0-0-0 11. Nxe6 Qxe6 12. e4 g6 13. a3 Bc5 14. b4 Bd4 15. Bb2 a6 16. h3 h5 17. Rc1 Rd7 18. Nd5 Bxb2 19. Qxb2 Re8 20. Qc3 Qd6 21. Nxf6 Qxf6 22. 0-0 Nd4 23. Rfe1 Qe6 24. Rcd1 Red8 25. exf5 Qxf5 26. a4 Re8 27. a5 g5 28. Qc5 c6 29. Qa7 Rde7 30. Re3 Nc2 1/2-1/2